Les petits poissons dans l'eau - Paroles - Statistiques

Statistiques générales
  • Ce quiz a été pris 33 fois
  • Le résultat moyen est 71 sur 76
Statistiques - réponses
Paroles % Correct
dans
100%
dans
100%
dans
100%
dans
100%
eau
100%
eau
100%
eau
100%
eau
100%
l'
100%
l'
100%
l'
100%
l'
100%
Les
100%
Les
100%
les
100%
Les
100%
les
100%
Les
100%
les
100%
Les
100%
Les
100%
les
100%
Les
100%
les
100%
Les
100%
les
100%
petits
100%
petits
100%
petits,
100%
petits
100%
petits
100%
petits
100%
petits,
100%
petits
100%
poissons
100%
poissons
100%
poissons
100%
poissons
100%
Nagent,
97%
nagent,
97%
nagent,
97%
nagent,
97%
nagent,
97%
Nagent
97%
Nagent
97%
Nagent
97%
Nagent,
97%
nagent,
97%
nagent,
97%
nagent,
97%
nagent,
97%
Nagent
97%
Nagent
97%
Nagent
97%
bien
88%
bien
88%
bien
88%
bien
88%
gros
88%
gros
88%
gros
88%
gros
88%
gros
88%
gros
88%
aussi
85%
aussi
85%
aussi
85%
aussi
85%
que
85%
que
85%
comme
64%
comme
64%
il
64%
il
64%
faut
61%
faut
61%
Aucun quiz correspondant
Distribution des résultats
% des personnes avec chaque résultat
Percentile par nombre de réponses
Votre historique - résultats
Vous n’avez pas pris ce quiz